[Event "Titled Tuesday 2021.01.19"]
[Site "chess.com INT"]
[Date "2021.01.19"]
[Round "6"]
[White "Babiy, Olga"]
[Black "Kaufman, Raymond"]
[Result "0-1"]
[WhiteElo "2300"]
[BlackElo "2255"]
[PlyCount "118"]
[GameId "2130307590142010"]
[EventDate "2021.01.19"]
[EventType "swiss (blitz)"]
[EventRounds "11"]
[EventCountry "NET"]
[SourceTitle "The Week in Chess 1368"]
[Source "Mark Crowther"]
[SourceDate "2021.01.25"]
[SourceVersion "2"]
[SourceVersionDate "2021.01.26"]
[SourceQuality "2"]

1. e4 d6 2. d4 Nf6 3. Nc3 e5 4. Nf3 Nbd7 5. Bc4 Be7 6. a4 O-O 7. O-O c6 8. Re1 Qc7 9. h3 h6 10. a5 Rd8 11. Nh4 Nf8 12. dxe5 dxe5 13. Qf3 Be6 14. Bxe6 Nxe6 15. Nf5 Nd4 16. Qg3 Nxf5 17. exf5 Kh7 18. Qxe5 Bd6 19. Qe2 Re8 20. Be3 Bh2+ 21. Kh1 Be5 22. Qc4 Bxc3 23. bxc3 Qd7 24. Bd4 Nd5 25. Rxe8 Rxe8 26. Bxa7 Qxf5 27. Bd4 Nf4 28. Be3 Re4 29. Qc5 Re5 30. Qd4 Re4 31. Qd6 Nxh3 32. gxh3 Qxh3+ 33. Qh2 Qf3+ 34. Kg1 Rg4+ 35. Kf1 Qe4 36. Rc1 Rh4 37. Qg3 Rh1+ 38. Ke2 Rxc1 39. Qf4 Rxc2+ 40. Kd1 Qxf4 41. Bxf4 Rxc3 42. Bd2 Rc4 43. Ke2 h5 44. Kd3 Ra4 45. Kc3 Rg4 46. Kb3 Rg2 47. Be3 h4 48. Kc4 h3 49. Kc5 h2 50. Kb6 h1=Q 51. Kxb7 Rg5 52. a6 Qd5 53. a7 c5+ 54. Kb8 Qd8+ 55. Kb7 Qd5+ 56. Kb8 Rg6 57. Bxc5 Qxc5 58. a8=Q Rb6+ 59. Ka7 Qa5# 0-1

[Event "Titled Tuesday 2021.01.19"]
[Site "chess.com INT"]
[Date "2021.01.19"]
[Round "7"]
[White "Kaufman, Raymond"]
[Black "Liyanage, Ranindu Dilshan"]
[Result "1-0"]
[WhiteElo "2255"]
[BlackElo "2178"]
[PlyCount "101"]
[GameId "2130307590146183"]
[EventDate "2021.01.19"]
[EventType "swiss (blitz)"]
[EventRounds "11"]
[EventCountry "NET"]
[SourceTitle "The Week in Chess 1368"]
[Source "Mark Crowther"]
[SourceDate "2021.01.25"]
[SourceVersion "2"]
[SourceVersionDate "2021.01.26"]
[SourceQuality "2"]

1. d4 Nf6 2. c4 e6 3. Nc3 Bb4 4. Bd2 O-O 5. e3 d5 6. Nf3 b6 7. cxd5 exd5 8. Bd3 Bb7 9. Ne5 Nbd7 10. O-O Bd6 11. f4 Ne4 12. Nxe4 dxe4 13. Bc4 Qe7 14. Qh5 Nf6 15. Qh4 c5 16. Bc3 Rac8 17. Rac1 Bd5 18. Rfd1 cxd4 19. Bxd4 Bxc4 20. Nxc4 Bc5 21. Bxf6 Qxf6 22. Qxf6 gxf6 23. Kf1 Rfd8 24. Ke2 Kf8 25. a3 Rxd1 26. Rxd1 Ke7 27. Rd5 Ke6 28. Rh5 Be7 29. Nd2 Rc2 30. Kd1 Rxb2 31. Rxh7 Bxa3 32. Nxe4 Rxg2 33. h4 Bf8 34. Rh8 Be7 35. h5 Rh2 36. h6 a5 37. h7 b5 38. Rb8 Rxh7 39. Rxb5 Rh1+ 40. Ke2 Bb4 41. f5+ Ke7 42. Rb7+ Kf8 43. Nxf6 Rh2+ 44. Kf3 Rc2 45. e4 Rc4 46. e5 Rc3+ 47. Ke4 Rc4+ 48. Kd5 Rc5+ 49. Kd4 Rc6 50. Rb8+ Ke7 51. Re8# 1-0

[Event "Titled Tuesday 2021.01.19"]
[Site "chess.com INT"]
[Date "2021.01.19"]
[Round "9"]
[White "Peyrer, Konstantin"]
[Black "Kaufman, Raymond"]
[Result "1-0"]
[WhiteElo "2244"]
[BlackElo "2255"]
[PlyCount "65"]
[GameId "2130307590150399"]
[EventDate "2021.01.19"]
[EventType "swiss (blitz)"]
[EventRounds "11"]
[EventCountry "NET"]
[SourceTitle "The Week in Chess 1368"]
[Source "Mark Crowther"]
[SourceDate "2021.01.25"]
[SourceVersion "2"]
[SourceVersionDate "2021.01.26"]
[SourceQuality "2"]

1. e4 e5 2. Nf3 Nc6 3. Bb5 Nge7 4. c3 a6 5. Ba4 g6 6. d4 exd4 7. cxd4 Bg7 8. Nc3 O-O 9. O-O d6 10. h3 b5 11. Bb3 Na5 12. Bc2 c5 13. Re1 Nac6 14. Be3 cxd4 15. Nxd4 Ne5 16. Bb3 Bb7 17. Qd2 Rc8 18. Bh6 Nc4 19. Bxc4 Rxc4 20. Bxg7 Kxg7 21. Rad1 Qb6 22. Qe3 Qc5 23. a3 Rc8 24. Rd3 b4 25. axb4 Rxb4 26. Re2 a5 27. Red2 Ba6 28. Nf3 Bxd3 29. Qxd3 a4 30. Ne2 Rb3 31. Qb1 a3 32. Qa1 Qb4 33. bxa3+ 1-0

[Event "Titled Tuesday 2020.12.15"]
[Site "chess.com INT"]
[Date "2020.12.15"]
[Round "1"]
[White "Colas, Joshua"]
[Black "Kaufman, Raymond"]
[Result "1-0"]
[WhiteElo "2288"]
[BlackElo "2255"]
[PlyCount "43"]
[GameId "2130307590852639"]
[EventDate "2020.12.15"]
[EventType "swiss (blitz)"]
[EventRounds "11"]
[EventCountry "NET"]
[SourceTitle "The Week in Chess 1363"]
[Source "Mark Crowther"]
[SourceDate "2020.12.21"]
[SourceVersion "1"]
[SourceVersionDate "2020.12.21"]
[SourceQuality "2"]

1. Nf3 c5 2. c4 Nc6 3. b3 Nf6 4. Bb2 d5 5. cxd5 Nxd5 6. e3 Bg4 7. Be2 Qc8 8. O-O e6 9. Na3 Qd7 10. h3 Bh5 11. Nc4 O-O-O 12. Nfe5 Bxe2 13. Qxe2 Nxe5 14. Nxe5 Qc7 15. d4 f6 16. Nd3 Kb8 17. Rfc1 b6 18. dxc5 bxc5 19. Bd4 e5 20. Bxc5 e4 21. Nb4 Bxc5 22. Na6+ 1-0

[Event "Titled Tuesday 2020.12.15"]
[Site "chess.com INT"]
[Date "2020.12.15"]
[Round "2"]
[White "Kaufman, Raymond"]
[Black "Warchol, Kamil"]
[Result "1-0"]
[WhiteElo "2255"]
[BlackElo "1855"]
[PlyCount "33"]
[GameId "2130307590856816"]
[EventDate "2020.12.15"]
[EventType "swiss (blitz)"]
[EventRounds "11"]
[EventCountry "NET"]
[SourceTitle "The Week in Chess 1363"]
[Source "Mark Crowther"]
[SourceDate "2020.12.21"]
[SourceVersion "1"]
[SourceVersionDate "2020.12.21"]
[SourceQuality "2"]

1. e4 c5 2. Nf3 d6 3. Bb5+ Nd7 4. O-O Ngf6 5. Re1 a6 6. Bf1 b5 7. c3 Bb7 8. d3 e6 9. a4 Be7 10. Nbd2 O-O 11. d4 c4 12. g3 e5 13. Bh3 exd4 14. Nxd4 Nc5 15. axb5 Ncxe4 16. Nf5 Nxd2 17. Nxe7+ 1-0

[Event "Titled Tuesday 2020.12.15"]
[Site "chess.com INT"]
[Date "2020.12.15"]
[Round "5"]
[White "Sargsyan, Anna M."]
[Black "Kaufman, Raymond"]
[Result "1-0"]
[WhiteElo "2402"]
[BlackElo "2255"]
[PlyCount "71"]
[GameId "2130307590869304"]
[EventDate "2020.12.15"]
[EventType "swiss (blitz)"]
[EventRounds "11"]
[EventCountry "NET"]
[SourceTitle "The Week in Chess 1363"]
[Source "Mark Crowther"]
[SourceDate "2020.12.21"]
[SourceVersion "1"]
[SourceVersionDate "2020.12.21"]
[SourceQuality "2"]

1. d4 Nf6 2. c4 e6 3. Nf3 c5 4. e3 Be7 5. Nc3 cxd4 6. exd4 d5 7. Bg5 O-O 8. Bd3 h6 9. Bh4 dxc4 10. Bxc4 b6 11. O-O Bb7 12. Qe2 Nc6 13. Rad1 Nb4 14. Ne5 Nbd5 15. Bg3 Rc8 16. Rfe1 Nxc3 17. bxc3 Ne4 18. Rc1 b5 19. Nxf7 Rxf7 20. Bxe6 Bd5 21. Bxf7+ Kxf7 22. Qxb5 Nxg3 23. hxg3 Qd6 24. c4 Be6 25. Qb7 Rxc4 26. d5 Bxd5 27. Rxe7+ Kg6 28. Rxg7+ Kf6 29. Qb2+ Kf5 30. Rxc4 Bxc4 31. g4+ Ke4 32. Qc2+ Bd3 33. Qd2 Qe5 34. Qe3+ Kd5 35. Qxd3+ Ke6 36. Qe3 1-0

[Event "Titled Tuesday 2020.12.15"]
[Site "chess.com INT"]
[Date "2020.12.15"]
[Round "8"]
[White "Kaufman, Raymond"]
[Black "Richter, Nils"]
[Result "1-0"]
[WhiteElo "2255"]
[BlackElo "2294"]
[PlyCount "39"]
[GameId "2130307590877642"]
[EventDate "2020.12.15"]
[EventType "swiss (blitz)"]
[EventRounds "11"]
[EventCountry "NET"]
[SourceTitle "The Week in Chess 1363"]
[Source "Mark Crowther"]
[SourceDate "2020.12.21"]
[SourceVersion "1"]
[SourceVersionDate "2020.12.21"]
[SourceQuality "2"]

1. e4 e5 2. Nf3 d6 3. d4 exd4 4. Nxd4 Nf6 5. Nc3 Be7 6. g3 O-O 7. Bg2 Re8 8. O-O Bf8 9. h3 c6 10. a4 Na6 11. Re1 Qa5 12. Bf4 Nc5 13. Nb3 Nxb3 14. cxb3 Qc7 15. Rc1 a6 16. Nd5 Nxd5 17. exd5 c5 18. Rxe8 Bg4 19. Rxf8+ Rxf8 20. Qxg4 1-0

[Event "Titled Tuesday 2020.12.15"]
[Site "chess.com INT"]
[Date "2020.12.15"]
[Round "9"]
[White "Bommini, Mounika Akshaya"]
[Black "Kaufman, Raymond"]
[Result "0-1"]
[WhiteElo "2029"]
[BlackElo "2255"]
[PlyCount "60"]
[GameId "2130307590877674"]
[EventDate "2020.12.15"]
[EventType "swiss (blitz)"]
[EventRounds "11"]
[EventCountry "NET"]
[SourceTitle "The Week in Chess 1363"]
[Source "Mark Crowther"]
[SourceDate "2020.12.21"]
[SourceVersion "1"]
[SourceVersionDate "2020.12.21"]
[SourceQuality "2"]

1. e4 c5 2. Nc3 Nc6 3. g3 g6 4. Bg2 Bg7 5. d3 e5 6. Nge2 d6 7. Be3 Nge7 8. Qd2 Nd4 9. O-O-O Be6 10. f4 exf4 11. Nxf4 Qa5 12. Nxe6 fxe6 13. Kb1 O-O 14. Rdf1 b5 15. Nd5 Qd8 16. Nxe7+ Qxe7 17. Bg5 Qd7 18. e5 d5 19. Bf6 Rf7 20. Qg5 Bxf6 21. exf6 Raf8 22. Qe5 Qd8 23. c3 Nf5 24. Qxe6 Kh8 25. Bxd5 Rxf6 26. Qe5 Re8 27. Qf4 Qxd5 28. g4 Qxd3+ 29. Ka1 Ref8 30. Qg5 Ne3 0-1

[Event "Titled Tuesday 2020.12.15"]
[Site "chess.com INT"]
[Date "2020.12.15"]
[Round "11"]
[White "Novikova, Galina"]
[Black "Kaufman, Raymond"]
[Result "1-0"]
[WhiteElo "2073"]
[BlackElo "2255"]
[PlyCount "61"]
[GameId "2130307590881880"]
[EventDate "2020.12.15"]
[EventType "swiss (blitz)"]
[EventRounds "11"]
[EventCountry "NET"]
[SourceTitle "The Week in Chess 1363"]
[Source "Mark Crowther"]
[SourceDate "2020.12.21"]
[SourceVersion "1"]
[SourceVersionDate "2020.12.21"]
[SourceQuality "2"]

1. e4 e6 2. Nf3 d5 3. e5 c5 4. b4 cxb4 5. a3 b3 6. cxb3 Nc6 7. d4 Nge7 8. Bd3 Bd7 9. O-O Nc8 10. b4 Nb6 11. Nc3 Be7 12. Re1 O-O 13. Bc2 f5 14. exf6 Bxf6 15. Qd3 g6 16. Ne5 Nxe5 17. dxe5 Bg7 18. Qg3 Rc8 19. Bb3 Nc4 20. Bg5 Qb6 21. Bxc4 Rxc4 22. Rac1 Rfc8 23. Ne2 Rxc1 24. Nxc1 Qc7 25. h4 Qc3 26. Nd3 Bb5 27. Rc1 Qxd3 28. Rxc8+ Kf7 29. Qxd3 Bxd3 30. Rc7+ Kg8 31. Bf6 1-0

[Event "Titled Tuesday 2020.11.17"]
[Site "chess.com INT"]
[Date "2020.11.17"]
[Round "3"]
[White "Kaufman, Raymond"]
[Black "Erdogdu, Mert"]
[Result "0-1"]
[WhiteElo "2255"]
[BlackElo "2396"]
[PlyCount "76"]
[GameId "2130307591707400"]
[EventDate "2020.11.17"]
[EventType "swiss (blitz)"]
[EventRounds "11"]
[EventCountry "NET"]
[SourceTitle "The Week in Chess 1359"]
[Source "Mark Crowther"]
[SourceDate "2020.11.23"]
[SourceVersion "2"]
[SourceVersionDate "2020.11.24"]
[SourceQuality "2"]

1. Nf3 Nf6 2. c4 g6 3. g3 Bg7 4. Bg2 O-O 5. O-O d5 6. cxd5 Nxd5 7. d3 Nc6 8. a3 a5 9. Qc2 e5 10. Nc3 Nb6 11. Be3 Nd4 12. Bxd4 exd4 13. Ne4 Re8 14. Rac1 c6 15. Nc5 Qe7 16. Rfe1 Nd5 17. Qc4 Nb6 18. Qb3 Qd8 19. a4 Nd5 20. Nd2 Rb8 21. Na6 Ra8 22. Nc5 Nb4 23. Nc4 b6 24. Ne4 Be6 25. Qd1 Bd5 26. Ned6 Re6 27. Ne4 f5 28. Ned2 Bxg2 29. Kxg2 Qd5+ 30. Kg1 c5 31. Na3 Bh6 32. f4 g5 33. Qb3 Qxb3 34. Nxb3 gxf4 35. Rcd1 Rae8 36. Kf1 fxg3 37. hxg3 Rg6 38. Kg2 Re3 0-1

[Event "Titled Tuesday 2020.11.17"]
[Site "chess.com INT"]
[Date "2020.11.17"]
[Round "4"]
[White "Rozman, Levy"]
[Black "Kaufman, Raymond"]
[Result "0-1"]
[WhiteElo "2343"]
[BlackElo "2255"]
[PlyCount "114"]
[GameId "2130307591711588"]
[EventDate "2020.11.17"]
[EventType "swiss (blitz)"]
[EventRounds "11"]
[EventCountry "NET"]
[SourceTitle "The Week in Chess 1359"]
[Source "Mark Crowther"]
[SourceDate "2020.11.23"]
[SourceVersion "2"]
[SourceVersionDate "2020.11.24"]
[SourceQuality "2"]

1. e4 c5 2. a3 Nf6 3. e5 Nd5 4. c4 Nc7 5. b4 d6 6. exd6 exd6 7. Nf3 Be7 8. Nc3 O-O 9. Be2 Bf6 10. O-O Nc6 11. Bb2 Bf5 12. b5 Nd4 13. Nxd4 cxd4 14. Na4 d3 15. Bf3 Bxb2 16. Nxb2 Qf6 17. Qb3 Ne6 18. Qc3 Nd4 19. Bd1 Ne2+ 20. Bxe2 dxe2 21. Rfe1 Qxc3 22. dxc3 Rfe8 23. f3 Re3 24. Rac1 Rae8 25. Kf2 h5 26. a4 b6 27. h3 h4 28. a5 g5 29. a6 Kg7 30. c5 dxc5 31. Nc4 R3e6 32. Ra1 Bd3 33. Ra4 Rd8 34. f4 gxf4 35. Nb2 Bxb5 36. Rxf4 Rd2 37. Nc4 Rc2 38. Ne3 Rxc3 39. Rg4+ Kf8 40. Nd5 Rd3 41. Nc7 Rf6+ 42. Kxe2 Rb3+ 43. Nxb5 Rxb5 44. Rxh4 Re6+ 45. Kf1 Rxe1+ 46. Kxe1 Ra5 47. Rh8+ Kg7 48. Rb8 Rxa6 49. Kf2 c4 50. g4 Ra2+ 51. Kg3 c3 52. Rc8 c2 53. h4 b5 54. Rc6 b4 55. h5 b3 56. h6+ Kh7 57. Kh4 Ra1 0-1

[Event "Titled Tuesday 2020.11.17"]
[Site "chess.com INT"]
[Date "2020.11.17"]
[Round "5"]
[White "Kaufman, Raymond"]
[Black "Samadov, Read"]
[Result "0-1"]
[WhiteElo "2255"]
[BlackElo "2332"]
[PlyCount "98"]
[GameId "2130307591711645"]
[EventDate "2020.11.17"]
[EventType "swiss (blitz)"]
[EventRounds "11"]
[EventCountry "NET"]
[SourceTitle "The Week in Chess 1359"]
[Source "Mark Crowther"]
[SourceDate "2020.11.23"]
[SourceVersion "2"]
[SourceVersionDate "2020.11.24"]
[SourceQuality "2"]

1. e4 c5 2. Nf3 d6 3. d4 cxd4 4. Nxd4 e6 5. c4 Nf6 6. Nc3 Be7 7. Be2 O-O 8. O-O Nc6 9. Be3 Bd7 10. Rc1 Qb8 11. Kh1 Rc8 12. b3 a6 13. a4 Nb4 14. f4 Bc6 15. Bf3 Nd7 16. Qd2 Nc5 17. Nxc6 Nxc6 18. Rb1 Nb4 19. Bd4 Rd8 20. Qf2 e5 21. Bxc5 dxc5 22. Nd5 Nxd5 23. exd5 exf4 24. Rbe1 Bd6 25. Be4 b5 26. Qh4 g6 27. Rf3 bxc4 28. Rh3 h5 29. Qf6 Be5 30. Qg5 Kg7 31. Rxh5 Rh8 32. Qxe5+ Qxe5 33. Rxe5 cxb3 34. Rb1 c4 35. d6 Rac8 36. Rd5 Rhd8 37. Rdd1 Rd7 38. Kg1 Kf6 39. Kf2 Ke5 40. Kf3 Rxd6 41. Rxd6 Kxd6 42. Kxf4 Kc5 43. Ke3 Kb4 44. Kd4 c3 45. Bc2 Rd8+ 46. Ke3 b2 47. h4 Rd2 48. Be4 Kxa4 49. g4 Kb3 0-1

[Event "Titled Tuesday 2020.11.17"]
[Site "chess.com INT"]
[Date "2020.11.17"]
[Round "7"]
[White "Ashiev, Eduard"]
[Black "Kaufman, Raymond"]
[Result "0-1"]
[WhiteElo "2202"]
[BlackElo "2255"]
[PlyCount "68"]
[GameId "2130307591719942"]
[EventDate "2020.11.17"]
[EventType "swiss (blitz)"]
[EventRounds "11"]
[EventCountry "NET"]
[SourceTitle "The Week in Chess 1359"]
[Source "Mark Crowther"]
[SourceDate "2020.11.23"]
[SourceVersion "2"]
[SourceVersionDate "2020.11.24"]
[SourceQuality "2"]

1. d4 Nf6 2. Nf3 g6 3. c4 Bg7 4. Nc3 O-O 5. e4 d6 6. h3 c5 7. d5 e6 8. Bd3 exd5 9. exd5 Re8+ 10. Be3 a6 11. O-O b5 12. cxb5 axb5 13. Bxb5 Bd7 14. Bc4 Ne4 15. Nxe4 Rxe4 16. Bd3 Rb4 17. b3 Bxa1 18. Qxa1 Rxb3 19. Bg5 Qf8 20. axb3 Rxa1 21. Rxa1 f6 22. Bf4 Bf5 23. Bxf5 gxf5 24. Ra8 Kf7 25. Nd2 Qe8 26. Kf1 Qb5+ 27. Kg1 Nd7 28. Kh2 Ne5 29. Bxe5 fxe5 30. Nc4 Qxb3 31. Nxd6+ Kf6 32. Ne8+ Ke7 33. d6+ Kd7 34. Ra6 Kxe8 0-1

[Event "Titled Tuesday 2020.11.17"]
[Site "chess.com INT"]
[Date "2020.11.17"]
[Round "10"]
[White "Saulina, Varvara"]
[Black "Kaufman, Raymond"]
[Result "0-1"]
[WhiteElo "2240"]
[BlackElo "2255"]
[PlyCount "62"]
[GameId "2130307591728355"]
[EventDate "2020.11.17"]
[EventType "swiss (blitz)"]
[EventRounds "11"]
[EventCountry "NET"]
[SourceTitle "The Week in Chess 1359"]
[Source "Mark Crowther"]
[SourceDate "2020.11.23"]
[SourceVersion "2"]
[SourceVersionDate "2020.11.24"]
[SourceQuality "2"]

1. e4 e5 2. Nf3 Nc6 3. Bb5 a6 4. Ba4 Nf6 5. d3 b5 6. Bb3 Be7 7. O-O O-O 8. c3 d6 9. h3 Bb7 10. Re1 h6 11. Nbd2 Re8 12. Nf1 Bf8 13. Ng3 g6 14. a4 Na5 15. Bc2 c5 16. b4 cxb4 17. cxb4 Nc6 18. Qd2 d5 19. Ba3 dxe4 20. Nxe4 Nxe4 21. Rxe4 Nd4 22. Re3 Bxf3 23. gxf3 Qg5+ 24. Kf1 Nxf3 25. Qd1 Qg1+ 26. Ke2 Nd4+ 27. Kd2 Qg5 28. Qg4 Rac8 29. Bd1 Qe7 30. h4 Qxb4+ 31. Bxb4 Bxb4# 0-1

[Event "Titled Tuesday 2020.11.17"]
[Site "chess.com INT"]
[Date "2020.11.17"]
[Round "11"]
[White "Myers, Dominique"]
[Black "Kaufman, Raymond"]
[Result "0-1"]
[WhiteElo "1990"]
[BlackElo "2255"]
[PlyCount "68"]
[GameId "2130307591732495"]
[EventDate "2020.11.17"]
[EventType "swiss (blitz)"]
[EventRounds "11"]
[EventCountry "NET"]
[SourceTitle "The Week in Chess 1359"]
[Source "Mark Crowther"]
[SourceDate "2020.11.23"]
[SourceVersion "2"]
[SourceVersionDate "2020.11.24"]
[SourceQuality "2"]

1. e4 c5 2. Nf3 Nc6 3. d4 cxd4 4. Nxd4 e5 5. Nb5 d6 6. c4 Be7 7. N1c3 a6 8. Na3 f5 9. Be2 Nf6 10. exf5 Bxf5 11. O-O O-O 12. Bf3 e4 13. Be2 Ne5 14. Nc2 Rc8 15. Ne3 Be6 16. b3 b5 17. Ncd5 bxc4 18. bxc4 Kh8 19. Qd4 Qe8 20. Ba3 Bxd5 21. Nxd5 Nxd5 22. Qxd5 Qg6 23. Kh1 Rf6 24. Rae1 Rcf8 25. Qd4 Rf4 26. Bc1 Nf3 27. Qa7 Nxe1 28. g3 R4f7 29. Rxe1 Bg5 30. Qxa6 Bxc1 31. Rxc1 Rxf2 32. Rc2 e3 33. Qb6 Qe4+ 34. Kg1 Qg2# 0-1

[Event "Speed Chess Super Swiss"]
[Site "chess.com INT"]
[Date "2020.10.03"]
[Round "8"]
[White "Kaufman, Raymond"]
[Black "Stoyanov, Tsvetan"]
[Result "1-0"]
[WhiteElo "2255"]
[BlackElo "2387"]
[PlyCount "39"]
[GameId "2130307592724737"]
[EventDate "2020.10.03"]
[EventType "swiss (blitz)"]
[EventRounds "15"]
[EventCountry "NET"]
[SourceTitle "The Week in Chess 1352"]
[Source "Mark Crowther"]
[SourceDate "2020.10.05"]
[SourceVersion "1"]
[SourceVersionDate "2020.10.05"]
[SourceQuality "2"]

1. d4 Nf6 2. c4 e6 3. Nc3 d5 4. cxd5 Nxd5 5. e4 Nxc3 6. bxc3 c5 7. Nf3 cxd4 8. cxd4 Bb4+ 9. Bd2 Bxd2+ 10. Qxd2 O-O 11. Rc1 b6 12. Bd3 Bb7 13. O-O Nd7 14. Qf4 Rc8 15. Rxc8 Qxc8 16. Rc1 Qa8 17. Rc7 Nf6 18. e5 Nd5 19. Bxh7+ Kxh7 20. Qh4+ 1-0

[Event "Speed Chess Super Swiss"]
[Site "chess.com INT"]
[Date "2020.10.03"]
[Round "12"]
[White "Kaufman, Raymond"]
[Black "Hansen, Eric"]
[Result "0-1"]
[WhiteElo "2255"]
[BlackElo "2606"]
[PlyCount "46"]
[GameId "2130307592728951"]
[EventDate "2020.10.03"]
[EventType "swiss (blitz)"]
[EventRounds "15"]
[EventCountry "NET"]
[SourceTitle "The Week in Chess 1352"]
[Source "Mark Crowther"]
[SourceDate "2020.10.05"]
[SourceVersion "1"]
[SourceVersionDate "2020.10.05"]
[SourceQuality "2"]

1. e4 c5 2. Nf3 e6 3. d4 cxd4 4. Nxd4 a6 5. Nc3 Qc7 6. Bd3 Nf6 7. O-O Nc6 8. Nxc6 dxc6 9. f4 e5 10. fxe5 Qxe5 11. Bf4 Qh5 12. e5 Qxd1 13. Raxd1 Nd5 14. Nxd5 cxd5 15. c3 Be6 16. Bc2 Bc5+ 17. Kh1 O-O-O 18. b4 Bb6 19. Bb3 d4 20. Bxe6+ fxe6 21. c4 Rhf8 22. Rd3 g5 23. c5 Bc7 0-1

[Event "Titled Tuesday 2020.09.15"]
[Site "chess.com INT"]
[Date "2020.09.15"]
[Round "1"]
[White "Kaufman, Raymond"]
[Black "Sonis, Francesco"]
[Result "0-1"]
[WhiteElo "2255"]
[BlackElo "2481"]
[PlyCount "46"]
[GameId "2130307593162922"]
[EventDate "2020.09.15"]
[EventType "swiss (blitz)"]
[EventRounds "10"]
[EventCountry "NET"]
[SourceTitle "The Week in Chess 1350"]
[Source "Mark Crowther"]
[SourceDate "2020.09.21"]
[SourceVersion "1"]
[SourceVersionDate "2020.09.21"]
[SourceQuality "2"]

1. e4 e5 2. Nf3 Nc6 3. Bb5 a6 4. Ba4 d6 5. O-O Bg4 6. h3 h5 7. Bxc6+ bxc6 8. d4 Qf6 9. dxe5 dxe5 10. hxg4 hxg4 11. Bg5 Qe6 12. Nh2 g3 13. Ng4 Bc5 14. Be3 Bxe3 15. fxe3 Nh6 16. Rf5 Rd8 17. Nd2 Nxg4 18. Qxg4 Qh6 19. Qxg3 Qh1+ 20. Kf2 Rxd2+ 21. Kf3 Qxa1 22. Qxe5+ Kd8 23. Qxg7 Qf1+ 0-1

[Event "Titled Tuesday 2020.09.15"]
[Site "chess.com INT"]
[Date "2020.09.15"]
[Round "4"]
[White "Curriah, Malik"]
[Black "Kaufman, Raymond"]
[Result "1-0"]
[WhiteElo "2043"]
[BlackElo "2255"]
[PlyCount "71"]
[GameId "2130307593171329"]
[EventDate "2020.09.15"]
[EventType "swiss (blitz)"]
[EventRounds "10"]
[EventCountry "NET"]
[SourceTitle "The Week in Chess 1350"]
[Source "Mark Crowther"]
[SourceDate "2020.09.21"]
[SourceVersion "1"]
[SourceVersionDate "2020.09.21"]
[SourceQuality "2"]

1. d4 Nf6 2. c4 e6 3. Nf3 b6 4. g3 Ba6 5. Qc2 Bb7 6. Bg2 Bb4+ 7. Nbd2 O-O 8. O-O Bxd2 9. Bxd2 Be4 10. Qa4 d6 11. c5 dxc5 12. dxc5 Nbd7 13. Be3 Nxc5 14. Bxc5 bxc5 15. Rfd1 Qe7 16. Ne5 Bxg2 17. Kxg2 Nd5 18. e4 Nb6 19. Qc6 f6 20. Nd7 Rfd8 21. Nxc5 Kf7 22. Nb7 Rxd1 23. Rxd1 Rb8 24. Nc5 h5 25. Rc1 Rd8 26. Nb7 Rd2 27. Qxc7 Qxc7 28. Rxc7+ Kg6 29. Nc5 Nc4 30. Nxe6 h4 31. Rxc4 Rxb2 32. Ra4 h3+ 33. Kxh3 Rxf2 34. Nf4+ Kg5 35. Rxa7 g6 36. Rg7 1-0

[Event "Titled Tuesday 2020.09.15"]
[Site "chess.com INT"]
[Date "2020.09.15"]
[Round "5"]
[White "Kaufman, Raymond"]
[Black "Souza dos Santos, Matheus Garcett"]
[Result "1-0"]
[WhiteElo "2255"]
[BlackElo "1959"]
[PlyCount "61"]
[GameId "2130307593175515"]
[EventDate "2020.09.15"]
[EventType "swiss (blitz)"]
[EventRounds "10"]
[EventCountry "NET"]
[SourceTitle "The Week in Chess 1350"]
[Source "Mark Crowther"]
[SourceDate "2020.09.21"]
[SourceVersion "1"]
[SourceVersionDate "2020.09.21"]
[SourceQuality "2"]

1. e4 c5 2. Nf3 d6 3. d4 cxd4 4. Qxd4 Nf6 5. e5 Nc6 6. Bb5 dxe5 7. Qxd8+ Kxd8 8. Bxc6 bxc6 9. Nxe5 Ke8 10. O-O Bb7 11. c4 e6 12. Nc3 Bc5 13. Be3 Bxe3 14. fxe3 Ke7 15. Rad1 Rhd8 16. Na4 Rxd1 17. Rxd1 Rd8 18. Rxd8 Kxd8 19. Nc5 Bc8 20. Nxc6+ Kc7 21. Nxa7 Ng4 22. Nxc8 Kxc8 23. e4 Kc7 24. a4 Kc6 25. Nd3 f6 26. b3 Ne3 27. Kf2 Nd1+ 28. Ke2 Nc3+ 29. Ke3 e5 30. a5 Nd1+ 31. Kd2 1-0

[Event "Titled Tuesday 2020.09.15"]
[Site "chess.com INT"]
[Date "2020.09.15"]
[Round "6"]
[White "Kaufman, Raymond"]
[Black "Goltsev, Dmitry"]
[Result "1-0"]
[WhiteElo "2255"]
[BlackElo "2312"]
[PlyCount "57"]
[GameId "2130307593179673"]
[EventDate "2020.09.15"]
[EventType "swiss (blitz)"]
[EventRounds "10"]
[EventCountry "NET"]
[SourceTitle "The Week in Chess 1350"]
[Source "Mark Crowther"]
[SourceDate "2020.09.21"]
[SourceVersion "1"]
[SourceVersionDate "2020.09.21"]
[SourceQuality "2"]

1. e4 c5 2. Nf3 e6 3. Nc3 Nc6 4. d3 Qc7 5. Be2 a6 6. O-O Nf6 7. Re1 Be7 8. Bf1 b5 9. e5 Nd5 10. Nxd5 exd5 11. Bg5 h6 12. Bxe7 Nxe7 13. d4 c4 14. Qd2 Qc6 15. a4 Bb7 16. axb5 Qxb5 17. b3 Qc6 18. Qb4 Rc8 19. Ra5 Qe6 20. Rc5 Rxc5 21. Qxc5 cxb3 22. cxb3 O-O 23. h3 Rc8 24. Qb4 Rc7 25. Bd3 Nc6 26. Qb6 Nxe5 27. Rxe5 Rc1+ 28. Kh2 Qxb6 29. Re8# 1-0